[Event "Tournoi Skype 022A"]
[Site "Skype"]
[Date "????.??.??"]
[Round "1.2"]
[White "Ayotte, Jocelyn"]
[Black "Diaz, Jose Garcia"]
[Result "1/2-1/2"]
[WhiteElo "2124"]
[BlackElo "1616"]
[PlyCount "52"]

1. d4 Nf6 2. Nf3 d6 3. c4 e6 4. Nc3 Be7 5. e4 O-O 6. Bd3 Nbd7 7. e5 dxe5 8.
dxe5 Ng4 9. Bf4 f5 10. h3 Nh6 11. Bxh6 gxh6 12. Qe2 Bb4 13. O-O Bxc3 14. bxc3
Nc5 15. Bc2 b6 16. Nd4 Bb7 17. Rad1 Qe8 18. f3 Rd8 19. Nb5 Qe7 20. Rd2 Kh8 21.
Rfd1 Rxd2 22. Qxd2 Rg8 23. Qf4 Qg7 24. Rd2 Nd7 25. Re2 a6 26. Nd4 Nf8 1/2-1/2

[Event "Tournoi Skype 022A"]
[Site "Skype"]
[Date "????.??.??"]
[Round "1.3"]
[White "Sauvaget, Joel"]
[Black "Siret, Bernard"]
[Result "0-1"]
[WhiteElo "1616"]
[BlackElo "2019"]
[PlyCount "44"]

1. d4 d5 2. c4 e5 3. dxe5 d4 4. e3 Bb4+ 5. Bd2 dxe3 6. fxe3 Qh4+ 7. g3 Qe4 8.
Qf3 Bxd2+ 9. Nxd2 Qxe5 10. O-O-O Ne7 11. Bd3 Nbc6 12. a3 O-O 13. Ne2 Bf5 14.
Ne4 Rad8 15. N2c3 Bg6 16. Nf2 Qc5 17. Nfe4 Qb6 18. Bc2 Ne5 19. Qe2 c5 20. h4
Bf5 21. Nd6 Bxc2 22. Qxc2 Rxd6 0-1

[Event "Tournoi Skype 022A"]
[Site "Skype"]
[Date "????.??.??"]
[Round "1.4"]
[White "Benson, Paul"]
[Black "Salazar Ticeran, Antonio"]
[Result "1-0"]
[WhiteElo "2015"]
[BlackElo "1611"]
[PlyCount "67"]

1. e4 c5 2. Nf3 Nc6 3. d4 cxd4 4. Nxd4 g6 5. Nc3 Bg7 6. Be3 d6 7. Be2 Nf6 8.
O-O O-O 9. Kh1 Ne5 10. h3 Bd7 11. f4 Nc6 12. Qd2 a6 13. Bf3 Rc8 14. Rad1 b5 15.
a3 b4 16. axb4 Nxb4 17. Nce2 a5 18. c3 Nc6 19. g4 Ne8 20. Ng3 Nxd4 21. Bxd4
Bxd4 22. Qxd4 Qc7 23. e5 Qc4 24. Ne4 Qxd4 25. Rxd4 Bb5 26. Rfd1 Nc7 27. exd6
Ne6 28. dxe7 Rfe8 29. Nf6+ Kg7 30. Nxe8+ Rxe8 31. Rd7 Bxd7 32. Rxd7 Kf6 33. Ra7
Rxe7 34. g5+ 1-0

[Event "Tournoi Skype 022A"]
[Site "Skype"]
[Date "????.??.??"]
[Round "1.5"]
[White "Castillo, Jesus"]
[Black "Deville, Olivier"]
[Result "0-1"]
[WhiteElo "1600"]
[BlackElo "1991"]
[PlyCount "98"]

1. e4 c5 2. Nf3 d6 3. d4 Nf6 4. Nc3 cxd4 5. Nxd4 Nc6 6. Bc4 Qb6 7. Nf5 Qc5 8.
Ne3 e6 9. O-O a6 10. Bb3 Be7 11. Kh1 O-O 12. f4 Na5 13. Qe2 Nxb3 14. axb3 Bd7
15. f5 Qc7 16. Bd2 Bc6 17. Ng4 Rad8 18. Bg5 Nxg4 19. Qxg4 Bxg5 20. Qxg5 f6 21.
Qf4 e5 22. Qh4 d5 23. exd5 Bxd5 24. Rad1 Bc6 25. Qc4+ Qf7 26. Qxf7+ Kxf7 27.
Kg1 Ke7 28. Rfe1 Rxd1 29. Rxd1 Rd8 30. Re1 Rd2 31. Re2 Rxe2 32. Nxe2 Be4 33. c3
Bxf5 34. Ng3 Bg6 35. h4 h6 36. h5 Bc2 37. b4 Kd6 38. Kf2 Kd5 39. Ke3 Bh7 40.
Ne2 f5 41. g3 Bg8 42. Ng1 Bf7 43. Nf3 Bxh5 44. b3 Bxf3 45. c4+ Ke6 46. Kxf3 g5
47. Ke3 h5 48. Kf3 e4+ 49. Ke3 Ke5 0-1

[Event "Tournoi Skype 022A"]
[Site "Skype"]
[Date "????.??.??"]
[Round "1.6"]
[White "Ibarra Cantu, Raul Alberto"]
[Black "Vasquez, Oscar"]
[Result "1/2-1/2"]
[WhiteElo "1924"]
[BlackElo "1600"]
[PlyCount "94"]

1. d4 d6 2. e4 Nf6 3. Nc3 g6 4. Nf3 Bg7 5. h3 Nbd7 6. Be3 a6 7. a4 b6 8. Bd3
Bb7 9. Qd2 c5 10. O-O cxd4 11. Nxd4 O-O 12. Bh6 Nc5 13. Bxg7 Kxg7 14. Rfe1 e5
15. Nf3 Qc7 16. b4 Ne6 17. Ra3 Rac8 18. Ng5 Nf4 19. Ne2 Nxe2+ 20. Qxe2 Ra8 21.
Nf3 Rfc8 22. Nd2 Qe7 23. Nc4 Nd7 24. Qe3 b5 25. Nb6 Nxb6 26. Qxb6 Rcb8 27. axb5
Bxe4 28. Qe3 Bxd3 29. Qxd3 axb5 30. Rxa8 Rxa8 31. Qxb5 Qc7 32. Qd5 Rb8 33. Re4
Rb6 34. Rc4 Qb7 35. Qxb7 Rxb7 36. c3 Kf6 37. Kf1 Ke6 38. Ke2 f5 39. Rc8 Kd7 40.
Rh8 Kc6 41. Kd3 d5 42. Re8 Kd6 43. Ra8 Rc7 44. Ra6+ Rc6 45. Ra7 Rc7 46. Ra6+
Rc6 47. Ra7 Rc7 1/2-1/2

[Event "Tournoi Skype 022A"]
[Site "Skype"]
[Date "????.??.??"]
[Round "1.7"]
[White "Rugman, Dan"]
[Black "Gomez, Ken"]
[Result "0-1"]
[WhiteElo "1597"]
[BlackElo "1900"]
[PlyCount "84"]

1. e4 c5 2. Nf3 g6 3. d4 cxd4 4. Nxd4 Bg7 5. Be3 Nc6 6. Nc3 Nf6 7. Qd2 Ng4 8.
Nxc6 bxc6 9. Bd4 Bxd4 10. Qxd4 O-O 11. Be2 d6 12. Bxg4 Bxg4 13. f3 Be6 14. h4
Qb6 15. Qxb6 axb6 16. Kd2 f5 17. Rhe1 Kf7 18. a3 Bd7 19. Re3 e5 20. Na2 c5 21.
Nc3 Bc6 22. Rd3 Ke6 23. Ke3 fxe4 24. Nxe4 Bxe4 25. Kxe4 Rf4+ 26. Ke3 Rxh4 27.
Rad1 Rd4 28. Rxd4 cxd4+ 29. Ke4 Rc8 30. Kd3 Kf5 31. Rd2 Kf4 32. Ke2 Kg3 33. Kd3
d5 34. c3 dxc3 35. bxc3 h5 36. Re2 e4+ 37. fxe4 dxe4+ 38. Rxe4 Kxg2 39. Re6 Rg8
40. Rxb6 h4 41. Rb2+ Kg3 42. c4 h3 0-1

[Event "Tournoi Skype 022A"]
[Site "Skype"]
[Date "????.??.??"]
[Round "1.8"]
[White "Lopez, Jose Luis"]
[Black "Perez Fermin, Jose"]
[Result "1-0"]
[WhiteElo "1897"]
[BlackElo "1590"]
[PlyCount "50"]

1. e4 c5 2. Nf3 Nc6 3. c3 Nf6 4. Bd3 d6 5. h3 e5 6. O-O Be7 7. Re1 O-O 8. Bc2
h6 9. d4 cxd4 10. cxd4 exd4 11. Nxd4 Ne5 12. Nc3 a6 13. Bf4 Ng6 14. Bh2 Bd7 15.
Nf3 Be6 16. Nd4 Bd7 17. Qe2 Qb6 18. Nb3 Bc6 19. Nd5 Nxd5 20. exd5 Bxd5 21. Bxg6
fxg6 22. Rad1 Bh4 23. Rxd5 Rxf2 24. Qe3 Re2 25. Rxe2 Rf8 1-0

[Event "Tournoi Skype 022A"]
[Site "Skype"]
[Date "????.??.??"]
[Round "1.9"]
[White "Carballo, Jorge"]
[Black "Hilton, Stephen"]
[Result "0-1"]
[WhiteElo "1589"]
[BlackElo "1892"]
[PlyCount "76"]

1. d4 e6 2. Nf3 f5 3. Ne5 Nf6 4. Bg5 Be7 5. Bxf6 Bxf6 6. Nc3 O-O 7. Nf3 b6 8.
e4 fxe4 9. Nxe4 Bb7 10. Nxf6+ Qxf6 11. Be2 Nc6 12. c3 Ne7 13. O-O Ng6 14. Ne5
Nxe5 15. dxe5 Qg5 16. f3 Qxe5 17. Qc2 Rf6 18. Rae1 Rh6 19. g3 Rf8 20. Bd3 Qc5+
21. Qf2 Qxf2+ 22. Rxf2 Rxf3 23. Rxf3 Bxf3 24. Bc4 Rf6 25. Rf1 Bd5 26. Bxd5
Rxf1+ 27. Kxf1 exd5 28. Ke2 Kf7 29. Ke3 Ke6 30. Kf4 Kf6 31. h4 d6 32. b3 c5 33.
a3 a5 34. b4 h6 35. g4 g5+ 36. hxg5+ hxg5+ 37. Kf3 Ke5 38. Ke3 d4+ 0-1

[Event "Tournoi Skype 022A"]
[Site "Skype"]
[Date "????.??.??"]
[Round "1.10"]
[White "Rico Hernandez, Edgar"]
[Black "Khunte, Aniruddha"]
[Result "1-0"]
[WhiteElo "1861"]
[BlackElo "1586"]
[PlyCount "89"]

1. d4 d5 2. c4 e6 3. Nc3 Nf6 4. Bg5 Nbd7 5. e3 Bb4 6. Nf3 c5 7. Qc2 Qa5 8. Bxf6
Nxf6 9. Nd2 cxd4 10. exd4 dxc4 11. Bxc4 Bxc3 12. bxc3 b6 13. a4 Qg5 14. Bb5+
Bd7 15. Bxd7+ Nxd7 16. O-O O-O 17. Nf3 Qf4 18. Rfe1 Nf6 19. Qd3 Rfe8 20. Rab1
Rad8 21. Rb5 Rd5 22. c4 Rh5 23. h3 Rf5 24. Rxf5 Qxf5 25. Qxf5 exf5 26. Rxe8+
Nxe8 27. Ne5 f6 28. Nc6 a5 29. Ne7+ Kf7 30. Nxf5 Ke6 31. Ne3 g5 32. Kf1 Nd6 33.
Ke2 Nf5 34. Nxf5 Kxf5 35. Kd3 h5 36. c5 bxc5 37. dxc5 Ke6 38. Kc4 f5 39. Kb5 g4
40. h4 f4 41. Kb6 Ke5 42. c6 Ke4 43. c7 f3 44. c8=Q fxg2 45. Qc6+ 1-0

[Event "Tournoi Skype 022A"]
[Site "Skype"]
[Date "????.??.??"]
[Round "1.11"]
[White "Hague, Mark"]
[Black "Ricieri, Vinicius"]
[Result "0-1"]
[WhiteElo "1581"]
[BlackElo "1857"]
[PlyCount "66"]

1. b3 Nf6 2. Bb2 e6 3. g3 d5 4. Bg2 c5 5. e3 Be7 6. d3 O-O 7. Ne2 Nc6 8. a3 b6
9. Nd2 Bb7 10. O-O Nd7 11. f4 Bf6 12. Qc1 Bxb2 13. Qxb2 Qc7 14. Rf2 Nf6 15. h3
e5 16. fxe5 Nxe5 17. Nf4 Rfe8 18. Re1 Re7 19. Nf1 Rae8 20. Rfe2 Ng6 21. Nxg6
hxg6 22. Qc1 Nh5 23. g4 Nf4 24. Rf2 g5 25. Rd1 Nxg2 26. Kxg2 Rxe3 27. Nxe3 d4+
28. Rf3 Rxe3 29. Rdf1 Re2+ 30. R1f2 Rxf2+ 31. Kxf2 Qh2+ 32. Ke1 Bxf3 33. Qd2
Qg1# 0-1

[Event "Tournoi Skype 022A"]
[Site "Skype"]
[Date "????.??.??"]
[Round "1.12"]
[White "Gasperoni, Claudio"]
[Black "Alvarez, Rafael Andres"]
[Result "1-0"]
[WhiteElo "1853"]
[BlackElo "1578"]
[PlyCount "133"]

1. d4 Nf6 2. Nf3 g6 3. c4 c5 4. d5 b5 5. Qc2 Bg7 6. e4 d6 7. cxb5 a6 8. Nc3 O-O
9. Be2 Qb6 10. O-O Nbd7 11. h3 Bb7 12. a4 axb5 13. Bxb5 Ba6 14. Ra3 Rfb8 15.
Re1 Qc7 16. Bc6 Ra7 17. Nb5 Bxb5 18. Bxb5 Ne5 19. Nxe5 dxe5 20. Be3 Qa5 21. Rc1
Rc7 22. Bc6 Qb4 23. Bxc5 Qxb2 24. Qxb2 Rxb2 25. a5 Nxe4 26. a6 Nxc5 27. Rxc5
Rb1+ 28. Kh2 Ra7 29. Rb5 Rxb5 30. Bxb5 e4 31. Bc6 Be5+ 32. g3 Bd6 33. Ra4 f5
34. Bb7 Kg7 35. Kg2 Kf6 36. Rc4 h5 37. h4 Be5 38. Kf1 Bd6 39. Ke2 g5 40. hxg5+
Kxg5 41. Rc8 Kh6 42. Rf8 Kg6 43. Ra8 Rxa8 44. Bxa8 Bc5 45. Bc6 Kg5 46. Bd7 Kf6
47. f3 exf3+ 48. Kxf3 Ke5 49. Be6 Bb6 50. Kg2 Be3 51. Kh3 Kf6 52. Kh4 Kg6 53.
Bd7 Kf6 54. Kxh5 Ke5 55. Be6 f4 56. gxf4+ Kxf4 57. Kg6 Ke5 58. Kf7 Kd6 59. Ke8
Bc5 60. Kd8 Ba7 61. Kc8 Kc5 62. Kb7 Bb6 63. a7 Bxa7 64. Kxa7 Kd6 65. Kb7 Ke5
66. Kc7 Kf6 67. Kd7 1-0

[Event "Tournoi Skype 022A"]
[Site "Skype"]
[Date "????.??.??"]
[Round "1.14"]
[White "Montenegro, Juan Carlos"]
[Black "Alvarez, Juan Evangelista"]
[Result "0-1"]
[WhiteElo "1829"]
[BlackElo "1573"]
[PlyCount "62"]

1. e4 e5 2. Nf3 Nc6 3. Bb5 Nd4 4. Nc3 Nxb5 5. Nxb5 c6 6. Nc3 Qc7 7. O-O Nf6 8.
h3 b5 9. a3 Bb7 10. d3 O-O-O 11. Be3 a5 12. Ng5 d5 13. exd5 Nxd5 14. Nxd5 Rxd5
15. Ne4 f5 16. Nc3 Rd7 17. Na2 f4 18. Bd2 h5 19. b4 c5 20. bxa5 Rh6 21. Nc3 Rg6
22. f3 c4 23. Nxb5 Qc5+ 24. Kh1 Qxb5 25. Rb1 Qd5 26. Qc1 Bc5 27. Qb2 h4 28. Kh2
Qe6 29. dxc4 Rxg2+ 30. Kxg2 Qg6+ 31. Kh1 Qg3 0-1

[Event "Tournoi Skype 022A"]
[Site "Skype"]
[Date "????.??.??"]
[Round "1.15"]
[White "Calcino, Luis"]
[Black "Segura Lozano, Marcos Antonio"]
[Result "1/2-1/2"]
[WhiteElo "1570"]
[BlackElo "1825"]
[PlyCount "50"]

1. e4 d6 2. d4 g6 3. Nc3 Bg7 4. Be3 Nd7 5. Qd2 Ngf6 6. Bh6 O-O 7. Bxg7 Kxg7 8.
Nf3 c6 9. a4 h6 10. Be2 Rh8 11. h3 Nf8 12. e5 dxe5 13. dxe5 Qxd2+ 14. Nxd2 Ne8
15. f4 h5 16. Nf3 Bd7 17. Kf2 Nc7 18. Rhd1 Rd8 19. Ke3 Nfe6 20. Rd2 Bc8 21.
Rxd8 Rxd8 22. Rd1 Rxd1 23. Bxd1 b6 24. Nd4 Nxd4 25. Kxd4 Bb7 1/2-1/2

[Event "Tournoi Skype 022A"]
[Site "Skype"]
[Date "????.??.??"]
[Round "1.17"]
[White "Kruk, Clementine"]
[Black "Lambert, Pierre"]
[Result "0-1"]
[WhiteElo "1559"]
[BlackElo "1804"]
[PlyCount "46"]

1. e4 c5 2. d4 cxd4 3. c3 d3 4. Bxd3 d6 5. Nf3 Nc6 6. c4 Nf6 7. Nc3 g6 8. Bg5
Bg7 9. Qd2 h6 10. Be3 Ng4 11. O-O-O Nxe3 12. fxe3 Qa5 13. Bc2 Bxc3 14. Qxc3
Qxc3 15. bxc3 Be6 16. Bb3 Rc8 17. Nd4 Bd7 18. Kd2 Ne5 19. Nb5 Nxc4+ 20. Bxc4
Rxc4 21. Nxa7 Ra4 22. Rhf1 Rxa7 23. Rf2 Rxa2+ 0-1

[Event "Tournoi Skype 022A"]
[Site "Skype"]
[Date "????.??.??"]
[Round "1.18"]
[White "Slagle, Jim"]
[Black "Bendre, Pankaj"]
[Result "1/2-1/2"]
[WhiteElo "1800"]
[BlackElo "1554"]
[PlyCount "86"]

1. d4 Nf6 2. c4 e6 3. Nf3 d5 4. Nc3 Bb4 5. e3 O-O 6. Bd3 Nbd7 7. O-O Bxc3 8.
bxc3 c5 9. cxd5 exd5 10. a4 c4 11. Bc2 a5 12. Ba3 Re8 13. Rb1 Qc7 14. Qe2 b6
15. Rb2 Bb7 16. Nh4 Nf8 17. Nf5 Ng6 18. Bd6 Qc6 19. Rfb1 Ra6 20. Qf3 Ne4 21.
Bxe4 Rxe4 22. Bc5 Bc8 23. Rxb6 Rxb6 24. Rxb6 Qxa4 25. h3 Qd7 26. Nd6 Re6 27.
Nxc8 Qxc8 28. Qxd5 Rxb6 29. Bxb6 a4 30. Bc5 Nf8 31. Qxc4 a3 32. Qa4 Ne6 33.
Qxa3 Nc7 34. c4 Ne6 35. Qb4 h6 36. Bb6 Qa8 37. d5 Qa1+ 38. Kh2 Qe5+ 39. g3 Ng5
40. f4 Nf3+ 41. Kg2 Qe4 42. Kf2 Nh2 43. Ke1 Qd3 1/2-1/2

[Event "Tournoi Skype 022A"]
[Site "Skype"]
[Date "????.??.??"]
[Round "1.19"]
[White "Luna Perez Vico, Lorenzo"]
[Black "Engstrom, Olle"]
[Result "1/2-1/2"]
[WhiteElo "1554"]
[BlackElo "1772"]
[PlyCount "27"]

1. e4 c5 2. f4 Nc6 3. Nf3 g6 4. Be2 Bg7 5. O-O d6 6. d3 e6 7. c3 d5 8. exd5
exd5 9. d4 cxd4 10. cxd4 Qb6 11. Kh1 Nxd4 12. Nxd4 Bxd4 13. Nc3 a6 14. Nxd5
1/2-1/2

[Event "Tournoi Skype 022A"]
[Site "Skype"]
[Date "????.??.??"]
[Round "1.20"]
[White "Saponara, Jose Maria"]
[Black "Jogi, Kalpesh"]
[Result "1-0"]
[WhiteElo "1765"]
[BlackElo "1552"]
[PlyCount "87"]

1. e4 d5 2. exd5 Qxd5 3. d4 a6 4. Nc3 Qe6+ 5. Qe2 Qd7 6. Nf3 e6 7. a3 c6 8. Bf4
Bd6 9. Ne5 Bxe5 10. dxe5 Qd4 11. Qe3 Qxe3+ 12. Bxe3 Nd7 13. f4 f6 14. exf6
Ngxf6 15. Be2 O-O 16. O-O Nd5 17. Nxd5 exd5 18. Bd3 Nf6 19. Rae1 Ne4 20. Bd4
Bf5 21. Rf3 g6 22. h3 h5 23. Be5 Nd2 24. Rg3 Ne4 25. Rge3 Rad8 26. c4 b5 27.
cxb5 axb5 28. Rc1 Rc8 29. Bxe4 Bxe4 30. Rec3 d4 31. Bxd4 Rxf4 32. Rc5 Bd5 33.
Rxd5 Re8 34. Rd7 Rf7 35. Rxf7 Kxf7 36. Rxc6 Re4 37. Bc3 Re6 38. Rc7+ Re7 39.
Rxe7+ Kxe7 40. Kf2 Ke6 41. Ke3 Kf5 42. Kf3 h4 43. Be1 g5 44. Bd2 1-0

[Event "Tournoi Skype 022A"]
[Site "Skype"]
[Date "????.??.??"]
[Round "1.22"]
[White "Murgia, Stefano"]
[Black "L'Herbon De Lussats, Jean"]
[Result "1-0"]
[WhiteElo "1729"]
[BlackElo "1507"]
[PlyCount "91"]

1. e4 c5 2. Nf3 Nc6 3. d4 cxd4 4. Nxd4 e5 5. Nb5 d6 6. N1c3 a6 7. Na3 Nf6 8.
Bg5 Be7 9. Bxf6 Bxf6 10. Nd5 b5 11. c3 O-O 12. Nc2 Bb7 13. Nce3 Bg5 14. g3 Bxe3
15. Nxe3 Ne7 16. Bg2 Qc7 17. O-O Rad8 18. Nd5 Nxd5 19. exd5 Rfe8 20. Qd3 g6 21.
a4 Qc4 22. Rfd1 Rd7 23. axb5 axb5 24. Ra5 e4 25. Qxc4 bxc4 26. Rd4 e3 27. fxe3
Rc7 28. e4 Ra8 29. Rxa8+ Bxa8 30. Bf1 Rb7 31. Rxc4 Kg7 32. b4 Ra7 33. Rd4 Ra1
34. b5 Bb7 35. Rc4 Rb1 36. Rc7 Rxb5 37. Bxb5 Kf6 38. Rxb7 Ke5 39. Re7+ Kf6 40.
Re8 h5 41. c4 Kg5 42. c5 dxc5 43. d6 f5 44. d7 fxe4 45. d8=Q+ Kf5 46. Bd7# 1-0

[Event "Tournoi Skype 022A"]
[Site "Skype"]
[Date "????.??.??"]
[Round "1.23"]
[White "Perrone, Gabriel Lorenzo"]
[Black "Khetre, Gaurav"]
[Result "0-1"]
[WhiteElo "1505"]
[BlackElo "1714"]
[PlyCount "80"]

1. d4 Nf6 2. c4 e6 3. Nf3 b6 4. Bg5 Bb4+ 5. Nbd2 c5 6. a3 Bxd2+ 7. Qxd2 cxd4 8.
Nxd4 O-O 9. e3 Bb7 10. Nf3 h6 11. Bh4 Na6 12. Be2 Nc5 13. O-O Nb3 14. Bxf6 Qxf6
15. Qxd7 Bxf3 16. Bxf3 Rad8 17. Qxa7 Nxa1 18. Rxa1 Qxb2 19. Rf1 Rd3 20. Be4
Qxa3 21. Qxb6 Rc3 22. h3 Rxc4 23. Bf3 Rfc8 24. Qb7 Rc1 25. Be2 Qa2 26. Qb5 R8c2
27. Qb8+ Rc8 28. Qb5 R1c5 29. Qd3 Rd5 30. Qa6 Qc2 31. Re1 Qc3 32. Kf1 Ra5 33.
Qd3 Qe5 34. g3 Rd5 35. Qa6 Rcd8 36. Bf3 Rd2 37. Qa4 Qf5 38. Rd1 Qxf3 39. Rxd2
Rxd2 40. Qf4 Qh1# 0-1

[Event "Tournoi Skype 022A"]
[Site "Skype"]
[Date "????.??.??"]
[Round "1.24"]
[White "Rochette, Mathieu"]
[Black "Yardimci, Ertan"]
[Result "0-1"]
[WhiteElo "1699"]
[BlackElo "1501"]
[PlyCount "84"]

1. d4 Nf6 2. c4 e6 3. Nf3 d5 4. Bg5 Be7 5. Nc3 h6 6. Bh4 Nbd7 7. e3 b6 8. Rc1
Ba6 9. Nd2 c5 10. Qa4 Bb7 11. dxc5 bxc5 12. Be2 O-O 13. O-O Nb6 14. Qb3 d4 15.
exd4 Qxd4 16. Bxf6 Bxf6 17. Nf3 Bxf3 18. Bxf3 Rab8 19. Qc2 Qxc4 20. Ne4 Qd4 21.
Nxf6+ Qxf6 22. Qxc5 Qxb2 23. Qa5 Rfd8 24. Qxa7 Nd5 25. Bxd5 exd5 26. Qc7 Qxa2
27. Ra1 Qc4 28. Qxc4 dxc4 29. Rfc1 Rdc8 30. Ra4 c3 31. Kf1 c2 32. Raa1 Rb2 33.
Ke1 Rd8 34. Ke2 Kf8 35. Ra3 Rd1 36. Ra8+ Ke7 37. Ra7+ Ke6 38. Ra6+ Ke5 39. Ra5+
Ke6 40. Ra6+ Kf5 41. Ra5+ Kg6 42. Raa1 Rd6 0-1

[Event "Tournoi Skype 022A"]
[Site "Skype"]
[Date "????.??.??"]
[Round "1.25"]
[White "Lezcano Rincon, Reina"]
[Black "Thacker, Stephen"]
[Result "0-1"]
[WhiteElo "1498"]
[BlackElo "1693"]
[PlyCount "26"]

1. d4 e6 2. e3 b6 3. f4 Bb7 4. Bd3 Bxg2 5. Nf3 Bxh1 6. Nbd2 Bxf3 7. Qxf3 d5 8.
b3 Qh4+ 9. Qg3 Qxg3+ 10. hxg3 Bb4 11. e4 c6 12. exd5 exd5 13. a3 Bc3 0-1

[Event "Tournoi Skype 022A"]
[Site "Skype"]
[Date "????.??.??"]
[Round "1.26"]
[White "Casey, Eamonn"]
[Black "Galani, Mahendra"]
[Result "1-0"]
[WhiteElo "1686"]
[BlackElo "1491"]
[PlyCount "75"]

1. d4 d5 2. c4 e6 3. Nf3 Nf6 4. Bg5 Bb4+ 5. Nc3 Nbd7 6. e3 dxc4 7. Bxc4 Nb6 8.
Bd3 Nbd5 9. Qc2 h6 10. Bh4 Qd7 11. Ne5 Qd6 12. O-O Bxc3 13. bxc3 g5 14. Bg3 Qd8
15. c4 Ne7 16. h3 h5 17. c5 c6 18. Nc4 Nf5 19. Bxf5 exf5 20. Nd6+ Ke7 21. Nxf5+
Bxf5 22. Qxf5 h4 23. Be5 Rh6 24. Bxf6+ Rxf6 25. Qxg5 Qh8 26. Qe5+ Kf8 27. Rab1
Re8 28. Qc7 Qg8 29. Rxb7 Kg7 30. Rfb1 Rc8 31. Qd7 Rd8 32. Qg4+ Rg6 33. Qxh4 Rh6
34. Qg3+ Rg6 35. Qe5+ Kh6 36. Qf4+ Kh5 37. g4+ Kh4 38. g5+ 1-0

[Event "Tournoi Skype 022A"]
[Site "Skype"]
[Date "????.??.??"]
[Round "1.27"]
[White "Le Brun, Yves"]
[Black "Fernandez Cabello, Emilio"]
[Result "0-1"]
[WhiteElo "1491"]
[BlackElo "1685"]
[PlyCount "60"]

1. d4 g6 2. Bf4 Bg7 3. e3 Nf6 4. Nf3 d6 5. Bd3 c6 6. Nbd2 Nbd7 7. b4 Qc7 8. Rb1
O-O 9. h3 Nd5 10. Rb3 Nxf4 11. exf4 Nf6 12. c4 Re8 13. Qc2 c5 14. O-O Nh5 15.
f5 Nf4 16. fxg6 fxg6 17. d5 Rf8 18. Ng5 Nxd3 19. Qxd3 Bf5 20. Qe2 Qd7 21. g4
Bc2 22. Re3 cxb4 23. Rxe7 Rfe8 24. Re1 Rxe7 25. Qxe7 Qxe7 26. Rxe7 Bf6 27. Rxb7
Bxg5 28. Nf1 a5 29. Rb5 Bd3 30. Rxa5 Rxa5 0-1

[Event "Tournoi Skype 022A"]
[Site "Skype"]
[Date "????.??.??"]
[Round "1.29"]
[White "Chavero, Victor"]
[Black "Murolo, Antonio"]
[Result "1/2-1/2"]
[WhiteElo "1461"]
[BlackElo "1675"]
[PlyCount "143"]

1. d4 Nf6 2. Nf3 d5 3. e3 Bf5 4. b3 e6 5. Bd3 Ne4 6. Bd2 Nxf2 7. Kxf2 Bd6 8.
Bxf5 exf5 9. Bc3 O-O 10. Nbd2 Re8 11. Re1 Nd7 12. Kg1 Nf6 13. Ne5 Ne4 14. Bb2
Bb4 15. Nef3 c6 16. a3 Bd6 17. c4 Qc7 18. c5 Be7 19. Nxe4 fxe4 20. Nd2 Rf8 21.
Rf1 f5 22. g3 Rf7 23. Rf2 Raf8 24. Qe2 g6 25. Raf1 Rg7 26. Rg2 Qd8 27. Rff2 Bf6
28. Nf1 a5 29. h3 h5 30. h4 b5 31. Bc3 a4 32. bxa4 bxa4 33. Qb2 Qb8 34. Qxb8
Rxb8 35. Rb2 Rgb7 36. Rxb7 Rxb7 37. Rb2 Rxb2 38. Bxb2 g5 39. hxg5 Bxg5 40. Kf2
h4 41. gxh4 Bxh4+ 42. Ke2 Kg7 43. Nd2 Kg6 44. Nb1 Kg5 45. Nc3 f4 46. exf4+ Kxf4
47. Bc1+ Kf5 48. Nxa4 Bd8 49. Nc3 Ke6 50. a4 Kd7 51. Ba3 Ba5 52. Na2 Kc8 53.
Bb4 Bc7 54. Bd2 Kb7 55. Nb4 Ba5 56. Nxc6 Bxd2 57. Kxd2 Kxc6 58. a5 Kb5 59. Ke3
Kxa5 60. Ke2 Kb5 61. Ke3 Kc6 62. Ke2 Kd7 63. Ke3 Ke6 64. Ke2 Kd7 65. Ke3 Kc7
66. Ke2 Kc8 67. Ke3 Kb8 68. Ke2 Ka8 69. Ke3 Ka7 70. Ke2 Ka6 71. Ke3 Kb5 72. Ke2
1/2-1/2

[Event "Tournoi Skype 022A"]
[Site "Skype"]
[Date "????.??.??"]
[Round "1.30"]
[White "Martinez, Jose Abel"]
[Black "K, Muthuraman"]
[Result "0-1"]
[WhiteElo "1669"]
[BlackElo "1438"]
[PlyCount "74"]

1. d4 Nf6 2. Nf3 g6 3. g3 Bg7 4. Bg2 d6 5. c3 Nbd7 6. Bg5 h6 7. Bxf6 Nxf6 8.
Nbd2 c6 9. Qc2 Bf5 10. e4 Bd7 11. O-O-O O-O 12. h3 h5 13. Ng5 Qc7 14. f3 d5 15.
e5 Bf5 16. Qb3 Nh7 17. Nxh7 Kxh7 18. g4 Bd3 19. gxh5 gxh5 20. f4 Bh6 21. Bf1
Bf5 22. Be2 Bxf4 23. Bxh5 e6 24. Be2 Rg8 25. Rdg1 Qe7 26. Bg4 Be4 27. Qd1 Qg5
28. Bf3 Bxd2+ 29. Qxd2 Qxd2+ 30. Kxd2 Bxf3 31. Rxg8 Rxg8 32. Rf1 Rg2+ 33. Ke3
Bh5 34. Rf4 Rxb2 35. Rh4 Kg6 36. Rf4 Kg7 37. Rf6 Rxa2 0-1

[Event "Tournoi Skype 022A"]
[Site "Skype"]
[Date "????.??.??"]
[Round "1.31"]
[White "Levantini, Claudio"]
[Black "Yeter, Orhan"]
[Result "1-0"]
[WhiteElo "1432"]
[BlackElo "1635"]
[PlyCount "73"]

1. e4 e5 2. Bc4 Nf6 3. d3 Bc5 4. Nf3 d6 5. Be3 Bxe3 6. fxe3 Bg4 7. h3 Bh5 8. g4
Bg6 9. Nc3 Nc6 10. a3 O-O 11. Qe2 a6 12. Nh4 Nxe4 13. dxe4 Qxh4+ 14. Qf2 Qxf2+
15. Kxf2 Rad8 16. h4 h5 17. Rag1 b5 18. Ba2 b4 19. axb4 Nxb4 20. Bb3 c6 21.
gxh5 Bxh5 22. Rg5 g6 23. Rhg1 Kh7 24. Ne2 f5 25. Ng3 fxe4+ 26. Ke1 Bf3 27. h5
Rg8 28. Bxg8+ Rxg8 29. hxg6+ Kh8 30. Kd2 Nd5 31. Nf5 Rb8 32. g7+ Kg8 33. Nh6+
Kh7 34. g8=Q+ Rxg8 35. Nxg8 Nb6 36. R1g3 Nc4+ 37. Kc3 1-0

[Event "Tournoi Skype 022A"]
[Site "Skype"]
[Date "????.??.??"]
[Round "1.32"]
[White "Sepulveda, Lyda Marcela"]
[Black "Vello, Pablo"]
[Result "0-1"]
[WhiteElo "1624"]
[BlackElo "1424"]
[PlyCount "86"]

1. e4 e6 2. d4 d5 3. e5 c5 4. c3 Nc6 5. Nf3 Qb6 6. Be2 cxd4 7. cxd4 Bb4+ 8. Nc3
Nge7 9. O-O Nf5 10. Na4 Qc7 11. a3 Be7 12. b3 O-O 13. Bb2 Bd7 14. Rc1 Qd8 15.
Nc5 Bxc5 16. Rxc5 b6 17. Rc2 Rc8 18. Qd3 Na5 19. Rfc1 Rxc2 20. Rxc2 Qb8 21. g4
Ne7 22. Ng5 Ng6 23. h4 h6 24. Nf3 Nf4 25. Qe3 Nxe2+ 26. Rxe2 Rc8 27. g5 h5 28.
Qd3 g6 29. a4 Qb7 30. Ba3 a6 31. Ne1 b5 32. Bc5 bxa4 33. bxa4 Bxa4 34. Qf3 Qb1
35. Qa3 Bb5 36. Qa2 Qxa2 37. Rxa2 Nb3 38. Rc2 Bc4 39. Ba7 Ra8 40. Bb6 a5 41.
Nf3 a4 42. Nd2 Nxd2 43. Rxd2 a3 0-1

[Event "Tournoi Skype 022A"]
[Site "Skype"]
[Date "????.??.??"]
[Round "1.33"]
[White "Marino, Giuseppe"]
[Black "Mulrooney, Justin"]
[Result "0-1"]
[WhiteElo "1356"]
[BlackElo "1622"]
[PlyCount "90"]

1. d4 Nf6 2. Nf3 e6 3. Bf4 d5 4. e3 Bd7 5. Bd3 c5 6. c3 Nc6 7. O-O Be7 8. b3
O-O 9. h3 Rc8 10. Nbd2 cxd4 11. cxd4 Nb4 12. Ne1 Nxd3 13. Nxd3 Bb5 14. Nf3 Ne4
15. Re1 b6 16. a4 Ba6 17. Rc1 Qd7 18. Nde5 Qb7 19. Rxc8 Rxc8 20. Qa1 Rc2 21.
Bg3 Qc8 22. Kh1 Nxf2+ 23. Bxf2 Rxf2 24. Rc1 Rc2 25. Rxc2 Qxc2 26. Ne1 Qxb3 27.
Qc1 Bc4 28. N1d3 Qxa4 29. Nb2 Qa3 30. Nexc4 dxc4 31. Qc2 b5 32. Nd1 a5 33. Qe4
Qa1 34. Qa8+ Bf8 35. Qf3 b4 36. Kh2 b3 37. d5 exd5 38. Qxd5 b2 39. Nxb2 Qxb2
40. Qxc4 Qb4 41. Qe2 a4 42. e4 a3 43. e5 Qb2 44. Qc4 Qxe5+ 45. Kg1 Qb2 0-1

[Event "Tournoi Skype 022A"]
[Site "Skype"]
[Date "????.??.??"]
[Round "2.1"]
[White "Devos, Piet"]
[Black "Saponara, Jose Maria"]
[Result "1-0"]
[WhiteElo "2211"]
[BlackElo "1765"]
[PlyCount "57"]

1. e4 d5 2. exd5 Qxd5 3. Nc3 Qd6 4. d4 Nf6 5. Bg5 Bf5 6. Qf3 Qe6+ 7. Nge2 c6 8.
O-O-O Be4 9. Qg3 Nd5 10. f3 Bg6 11. Nxd5 Qxd5 12. Nc3 Qa5 13. d5 Na6 14. dxc6
bxc6 15. Bxa6 Qxa6 16. Qc7 Qc8 17. Rd8+ Qxd8 18. Qxc6+ Qd7 19. Qxa8+ Qd8 20.
Qxa7 f6 21. Rd1 Qc8 22. Be3 e5 23. Qa4+ Kf7 24. Rd7+ Be7 25. Qb3+ Ke8 26. Rb7
Bd6 27. Nb5 Bb4 28. Nc7+ Kd8 29. Ne6+ 1-0

[Event "Tournoi Skype 022A"]
[Site "Skype"]
[Date "????.??.??"]
[Round "2.2"]
[White "Siret, Bernard"]
[Black "Murgia, Stefano"]
[Result "1/2-1/2"]
[WhiteElo "2019"]
[BlackElo "1729"]
[PlyCount "43"]

1. e4 d6 2. d4 f5 3. exf5 Bxf5 4. Bd3 Qd7 5. Nc3 Nf6 6. f3 d5 7. Nge2 Nc6 8. g4
Bxd3 9. Qxd3 O-O-O 10. Be3 e5 11. O-O-O e4 12. fxe4 Nb4 13. Qd2 dxe4 14. h3
Nfd5 15. Rhf1 Qc6 16. Kb1 Qc4 17. a3 Nxc3+ 18. Nxc3 Nd5 19. Nxe4 Bxa3 20. bxa3
Rhe8 21. Bg5 Rxe4 22. Qd3 1/2-1/2